[Event "Denver CC Tribute to MLK"]
[Site "Denver"]
[Date "2023.01.??"]
[Round "1"]
[White "Herman, Sara"]
[Black "Khanin, Semen"]
[Result "0-1"]
[WhiteElo "1831"]
[BlackElo "2567"]
[PlyCount "60"]
[EventDate "2023.01.14"]
[EventType "swiss"]
[EventRounds "5"]
[EventCountry "USA"]
[SourceTitle "EXT 2024"]
[Source "ChessBase"]
[SourceDate "2023.10.10"]
[SourceVersion "1"]
[SourceVersionDate "2023.10.10"]
[SourceQuality "1"]

1. d4 Nf6 2. c4 g6 3. g3 Bg7 4. Bg2 0-0 5. Nc3 d6 6. Nf3 Nbd7 7. 0-0 e5 8. e4 exd4 9. Nxd4 Re8 10. h3 Nc5 11. Re1 a6 12. Rb1 h6 13. b4 Ne6 14. Be3 Ng5 15. Bxg5 hxg5 16. Nd5 c6 17. Nc3 Nd7 18. Re3 Ne5 19. Qe2 g4 20. hxg4 Bxg4 21. f3 Bd7 22. c5 a5 23. Na4 axb4 24. Rxb4 dxc5 25. Nxc5 Qa5 26. Rxb7 Qxc5 27. Nb3 Qa3 28. f4 Bc8 29. Rc7 Ba6 30. Qc2 Qd6 0-1

[Event "Isolated Queens Internet op 2nd"]
[Site "Chess.com INT"]
[Date "2020.05.02"]
[Round "4"]
[White "Herman, Sara"]
[Black "Abrahamyan, Tatev"]
[Result "0-1"]
[WhiteElo "1839"]
[BlackElo "2358"]
[PlyCount "48"]
[EventDate "2020.05.02"]
[EventType "swiss"]
[EventRounds "10"]
[EventCountry "USA"]
[SourceTitle "CBM 195 Extra"]
[Source "ChessBase"]
[SourceDate "2020.05.31"]
[SourceVersion "1"]
[SourceVersionDate "2020.05.31"]
[SourceQuality "1"]

1. e4 e6 2. d4 d5 3. Nc3 Bb4 4. exd5 exd5 5. Bd3 Ne7 6. Nge2 c6 7. 0-0 Bf5 8. Ng3 Bg6 9. Bg5 0-0 10. Bxg6 hxg6 11. Re1 Nd7 12. a3 Bd6 13. Qd3 Nf6 14. Re2 Qd7 15. Rae1 Rae8 16. h4 Qg4 17. Nd1 Bxg3 18. fxg3 Nf5 19. Rxe8 Rxe8 20. Rxe8+ Nxe8 21. c3 Qxg3 22. Qxg3 Nxg3 23. Ne3 f6 24. Kh2 Ne2 0-1

[Event "Isolated Queens Internet op 2nd"]
[Site "Chess.com INT"]
[Date "2020.05.02"]
[Round "8"]
[White "Yu, Jennifer R"]
[Black "Herman, Sara"]
[Result "1-0"]
[WhiteElo "2315"]
[BlackElo "1839"]
[PlyCount "91"]
[EventDate "2020.05.02"]
[EventType "swiss"]
[EventRounds "10"]
[EventCountry "USA"]
[SourceTitle "CBM 195 Extra"]
[Source "ChessBase"]
[SourceDate "2020.05.31"]
[SourceVersion "1"]
[SourceVersionDate "2020.05.31"]
[SourceQuality "1"]

1. d4 Nf6 2. c4 g6 3. Nc3 Bg7 4. g3 0-0 5. Bg2 d6 6. Nf3 Nc6 7. 0-0 a6 8. d5 Na5 9. Nd2 c5 10. Rb1 Rb8 11. b3 Bf5 12. e4 Bd7 13. Qc2 b5 14. Bb2 e6 15. dxe6 Bxe6 16. Nd5 bxc4 17. bxc4 Rxb2 18. Rxb2 Nxd5 19. cxd5 Bxb2 20. Qxb2 Bd7 21. Rb1 Bb5 22. Qc3 f5 23. a4 Bd7 24. e5 dxe5 25. Qxc5 Bxa4 26. d6 Bb5 27. Qxe5 Qf6 28. Bd5+ Kg7 29. f4 Re8 30. Qxf6+ Kxf6 31. Ra1 Re2 32. Nf3 Nc4 33. Bxc4 Bxc4 34. Ne5 Bb5 35. Rd1 Ke6 36. d7 Bxd7 37. Nxd7 a5 38. Nc5+ Ke7 39. Ra1 Kd6 40. Rxa5 Re1+ 41. Kf2 Rc1 42. Nd3 Rc2+ 43. Kg1 Rd2 44. Ne5 Rd1+ 45. Kg2 Rd2+ 46. Kh3 1-0

[Event "Denver op"]
[Site "Denver"]
[Date "2019.04.26"]
[Round "1"]
[White "Herman, Sara"]
[Black "Watson, John L"]
[Result "0-1"]
[WhiteElo "1854"]
[BlackElo "2208"]
[PlyCount "74"]
[EventDate "2019.04.26"]
[EventType "swiss"]
[EventRounds "5"]
[EventCountry "USA"]
[SourceTitle "CBM 190 Extra"]
[Source "ChessBase"]
[SourceDate "2019.07.15"]
[SourceVersion "1"]
[SourceVersionDate "2019.07.15"]
[SourceQuality "1"]

1. e4 e6 2. d4 d5 3. exd5 exd5 4. Nf3 Bd6 5. Bd3 Ne7 6. c4 dxc4 7. Bxc4 0-0 8. 0-0 Bg4 9. h3 Bh5 10. g4 Bg6 11. Ne5 Nd7 12. Bg5 Bxe5 13. dxe5 Nxe5 14. Qxd8 Rfxd8 15. Bxe7 Re8 16. Bd5 Rxe7 17. Nc3 c6 18. Bg2 f5 19. gxf5 Bxf5 20. b4 Rd8 21. Rfe1 Rd3 22. Re3 Rxe3 23. fxe3 Nc4 24. e4 Bg6 25. Re1 Ne5 26. Rd1 Rd7 27. Rxd7 Nxd7 28. Kf2 Kf7 29. Ke3 Ke6 30. Kd4 Kd6 31. Na4 b6 32. Nb2 Ne5 33. Na4 Bf7 34. a3 g5 35. Nc3 Be6 36. Nd1 c5+ 37. Kc3 Ng6 0-1